000 00474nmm a2200157Ia 4500
008 251105s9999||||xx |||||||||||||||||und||
020 _a9786078657827
041 _aspa
100 _aZepeda Lecuona, Guillermo Raúl
245 0 _aSemblanza biográfica de Francisco H. Ruiz
264 _a[México D.C., Mexico] :
_bEl Colegio de Jalisco,
_c2020
300 _a79 páginas
650 _aBiography
856 _uhttps://public.digitaliapublishing.com/a/172207
942 _cCF
999 _c75894
_d75894